[Event "BCF-chT3a 0001 (4NCL)"]
[Site "Birmingham"]
[Date "2000.09.23"]
[Round "1.4"]
[White "Miles, Richard"]
[Black "Tuck, Jonathan"]
[Result "1-0"]
[WhiteElo "2084"]
[BlackElo "2032"]
[PlyCount "105"]
[EventDate "2000.11.26"]
[EventType "team-tourn"]
[EventRounds "7"]
[EventCountry "ENG"]
[SourceTitle "EXT 2002"]
[Source "ChessBase"]
[SourceDate "2001.11.25"]
[SourceVersion "1"]
[SourceVersionDate "2001.11.25"]
[SourceQuality "1"]
[WhiteTeam "Gwent Dragons"]
[BlackTeam "Mindsports"]
[WhiteTeamCountry "ENG"]
[BlackTeamCountry "ENG"]

1. c4 Nf6 2. Nc3 g6 3. e4 d6 4. d4 Bg7 5. Nf3 0-0 6. Be2 e5 7. 0-0 Nc6 8. d5 Ne7 9. Ne1 Ne8 10. Nd3 f5 11. Bd2 Nf6 12. f3 f4 13. c5 g5 14. cxd6 cxd6 15. Rc1 h5 16. Nf2 Kh8 17. h3 Neg8 18. Nb5 Rf7 19. Qc2 Ne8 20. a4 Ngf6 21. Qb3 Bf8 22. Rc3 g4 23. fxg4 hxg4 24. hxg4 Rh7 25. Rfc1 Bh6 26. Nxa7 Bd7 27. Nb5 Bg5 28. Rc4 Bh4 29. Be1 Bg3 30. g5 Ng8 31. Bf3 Qxg5 32. Kf1 Ngf6 33. Ke2 Nh5 34. Kd2 Bxf2 35. Bxf2 Ng3 36. Kc2 Nh1 37. Bb6 Qg7 38. Kb1 Ng3 39. a5 Nxe4 40. Rxe4 Bf5 41. Nc3 Nf6 42. Ka2 Nxe4 43. Nxe4 Qg6 44. Qb4 Rd7 45. Rc4 Re8 46. Bc7 Qf7 47. Nxd6 Rxd6 48. Qxd6 e4 49. Be2 Bg6 50. Bd8 Kg8 51. Rc7 Qf5 52. Bf6 Bf7 53. Qd7 1-0